Capital structure decisions evaluating risk and uncertainty /

Bibliographic Details
Main Author: Agarwal, Yamini.
Corporate Author: ProQuest (Firm)
Format: Electronic eBook
Language:English
Published: Singapore : Wiley, c2013.
Series:Wiley corporate F & A.
Subjects:
Online Access:Click to View
LEADER 01296nam a2200361 a 4500
001 EBC861778
003 MiAaPQ
005 20200520144314.0
006 m o d |
007 cr cn|||||||||
008 130419s2013 si sb 001 0 eng d
020 |z 9781118203132 
020 |a 9781118203149 (electronic bk.) 
035 |a (MiAaPQ)EBC861778 
035 |a (Au-PeEL)EBL861778 
035 |a (CaPaEBR)ebr10683274 
035 |a (CaONFJC)MIL476147 
035 |a (OCoLC)836408314 
040 |a MiAaPQ  |c MiAaPQ  |d MiAaPQ 
050 4 |a HG4026  |b .A33 2013 
082 0 4 |a 658.152  |2 23 
100 1 |a Agarwal, Yamini. 
245 1 0 |a Capital structure decisions  |h [electronic resource] :  |b evaluating risk and uncertainty /  |c Yamini Agarwal. 
260 |a Singapore :  |b Wiley,  |c c2013. 
300 |a xvii, 252 p. 
490 1 |a Wiley corporate F & A 
504 |a Includes bibliographical references and index. 
533 |a Electronic reproduction. Ann Arbor, MI : ProQuest, 2015. Available via World Wide Web. Access may be limited to ProQuest affiliated libraries. 
650 0 |a Corporations  |x Finance. 
655 4 |a Electronic books. 
710 2 |a ProQuest (Firm) 
830 0 |a Wiley corporate F & A. 
856 4 0 |u https://ebookcentral.proquest.com/lib/matrademy/detail.action?docID=861778  |z Click to View